00441cam a2200181 a 4500001000800000005001700008008004100025010001700066020003800083040001800121041000800139080001500147082001900162100000700181101000800188245003300196504003000229240460320180312051314.0860304s1986 nyu b 001 0 eng  a 86005401  a0195039106 (alk. paper) :c$15.95 aDLCcDLCdDLC aeng a306.89 VAU00a306.89 VAU2191 a50 aSOC10aUncoupling :cDiane Vaughan. aBibliography: p. 240-246.